| 000 -LEADER |
| fixed length control field |
00709nam a22001577a 4500 |
| 005 - DATE AND TIME OF LATEST TRANSACTION |
| control field |
20210419093923.0 |
| 008 - FIXED-LENGTH DATA ELEMENTS--GENERAL INFORMATION |
| fixed length control field |
201121s1976 ||||| |||| 00| 0 eng d |
| 040 ## - CATALOGING SOURCE |
| Original cataloging agency |
eng |
| Transcribing agency |
eng |
| 080 ## - UNIVERSAL DECIMAL CLASSIFICATION NUMBER |
| Universal Decimal Classification number |
22 |
| Item number |
H-75 |
| 245 ## - TITLE STATEMENT |
| Title |
The Holy Bible |
| Remainder of title |
: Old and New Testaments in the King James Version. |
| Statement of responsibility, etc. |
/ Translated out of the Original Tongues And with Previous Translations Diligently Compared and Revised Self-Pronouncing, Words of Christ in Red, with Read-Along References, Read-Along Translations. |
| 260 ## - PUBLICATION, DISTRIBUTION, ETC. |
| Place of publication, distribution, etc. |
Nashville : New York : |
| Name of publisher, distributor, etc. |
Thomas Nelson Publishers, |
| Date of publication, distribution, etc. |
1976. |
| 300 ## - PHYSICAL DESCRIPTION |
| Extent |
1855 p. |
| Other physical details |
Concordance 96 p. |
| 650 #0 - SUBJECT ADDED ENTRY--TOPICAL TERM |
| 9 (RLIN) |
262 |
| Topical term or geographic name entry element |
Religion |
| General subdivision |
Holy Bible |
| 653 ## - INDEX TERM--UNCONTROLLED |
| Uncontrolled term |
რელიგია |
| -- |
ბიბლია |
| 942 ## - ADDED ENTRY ELEMENTS (KOHA) |
| Source of classification or shelving scheme |
|
| Koha item type |
Books |